000 00365pab a2200145 454500
008 180718b1995 xxu||||| |||| 00| 0 eng d
100 _aHardwari Lal
245 _aIndian Constitution
_bwhy change system of government?
260 _c1995
300 _ap.10
362 _a21 Feb
650 _aIndia - Politics and government
773 _aTribune
909 _a28270
999 _c28270
_d28270